Планы и таблицы вычисления угодий казённой оброчной статьи Ложкино, Кипарисово болото, Воскресенская нива (первая часть) и Колыш...

Доступно только в Электронных читальных залах Найти на картеНа карте
RUSMARC
00003740nmc2a22000003x 450
001e8c1c929-1d9b-49ae-a1fa-a4d79ae25e78
00520191120093951.0
100##$a20161026l18591859k l0rusy0189 ca
1010#$arus
102##$aRU
2001#$aПланы и таблицы вычисления угодий казённой оброчной статьи Ложкино, Кипарисово болото, Воскресенская нива (первая часть) и Колышкина роща Казуринской волости в Гдовском уезде Санкт-Петербургской губернии
$j1859 г.
251##$cДело
801#0$aRU
$bРГИА
$c20161026
$gRCR
801#1$aRU
$bГлавНИВЦ
$c20161026
$2rusmarc
801#2$aRU
$bПБ им. Б.Н. Ельцина
$c20191120
$gRCR
$2rusmarc
850##$aРГИА
852##$aРГИА
$eФедеральное казенное учреждение "Российский государственный исторический архив" (РГИА)
$j285
937##$hРГИА
$d12246895
$aASBIBLIO_SCAN
462#0$1001c9a41435-d21c-4ba9-a75c-9547afdd7617
$12001
$aКарты и планы казенных и частных земель и лесов по Санкт-Петербургской губернии
$1251
$cОпись
$1852
$j29
461#0$100126e99e9d-b562-464e-a273-fbb2bdfe5ec7
$12001
$aПлановый архив Министерства земледелия (1837-1918)
$1251
$cФонд
$1852
$j380
215##$a10 л.
$cплан.; табл.
$d36,5х27 см
371##$aДокумент не является опубликованным и широко распространяемым
105##$aae##
1222#$ad
035##$ae8c1c929-1d9b-49ae-a1fa-a4d79ae25e78
856##$uhttp://readingroom.main.prlib.ru/item.aspx?id_node=n135276081&mode=full
Формат отображения